[Event "35th USA-Ch"]
[Site "Long Beach USA"]
[Date "1989.??.??"]
[Round "10"]
[White "Benjamin, Joel"]
[Black "Fedorowicz, John"]
[Result "1/2-1/2"]
[WhiteElo "2530"]
[BlackElo "2560"]
[EventDate "1989.11.??"]
[PlyCount "29"]

1.d4 Nf6 2.c4 c5 3.d5 b5 4.cxb5 a6 5.bxa6 Bxa6 6.Nc3 g6 7.e4 Bxf1 8.Kxf1 
d6 9.g3 Bg7 10.Kg2 O-O 11.Nf3 Nbd7 12.Re1 Ng4 13.Qc2 Qb6 14.Re2 Rfb8 15.
Nd1 1/2-1/2

[Event "35th USA-Ch"]
[Site "Long Beach USA"]
[Date "1989.??.??"]
[Round "10"]
[White "Dlugy, Maxim"]
[Black "Ivanov, Alexander"]
[Result "1-0"]
[WhiteElo "2530"]
[BlackElo "2460"]
[EventDate "1989.11.??"]
[PlyCount "75"]

1.d4 Nf6 2.c4 e6 3.Nf3 b6 4.g3 Ba6 5.Qa4 Bb7 6.Bg2 c5 7.dxc5 Bxc5 8.O-O 
O-O 9.Nc3 Be7 10.Bf4 Na6 11.Rad1 Nc5 12.Qc2 Qc8 13.Rd4 d5 14.cxd5 exd5 15.
Rdd1 Nce4 16.Be5 Qe6 17.Nb5 Rac8 18.Qb1 Ng4 19.Bf4 g5 20.Bc1 a6 21.Nbd4 
Qf6 22.h3 Nh6 23.h4 gxh4 24.Bxh6 Qxh6 25.Nf5 Qf6 26.N3xh4 Rc7 27.Nxe7+ 
Rxe7 28.Rd3 Rc7 29.Rf3 Qe5 30.Rd1 Bc8 31.Re3 f5 32.Qd3 Bb7 33.Qb3 b5 34.f4
Qe6 35.Nxf5 Qxf5 36.Bxe4 Qf7 37.Bxd5 Bxd5 38.Qxd5 1-0

[Event "35th USA-Ch"]
[Site "Long Beach USA"]
[Date "1989.??.??"]
[Round "10"]
[White "Gulko, Boris"]
[Black "De Firmian, Nick"]
[Result "1-0"]
[WhiteElo "2610"]
[BlackElo "2595"]
[EventDate "1989.11.??"]
[PlyCount "61"]

1.d4 Nf6 2.c4 e6 3.Nc3 Bb4 4.Qc2 O-O 5.a3 Bxc3+ 6.Qxc3 d6 7.Bg5 h6 8.Bh4 
Nbd7 9.e3 b6 10.Bd3 Bb7 11.f3 c5 12.Ne2 cxd4 13.exd4 Rc8 14.b4 e5 15.O-O 
b5 16.c5 exd4 17.Nxd4 dxc5 18.Nf5 c4 19.Bc2 Bd5 20.Rad1 Be6 21.Rd6 Re8 22.
Rfd1 Rc7 23.f4 Bxf5 24.Bxf5 Qb8 25.Bxd7 Nxd7 26.Rxd7 Rxd7 27.Rxd7 Qxf4 28.
Qf3 Qc1+ 29.Qf1 Qe3+ 30.Bf2 Qxa3 31.Bd4 1-0

[Event "35th USA-Ch"]
[Site "Long Beach USA"]
[Date "1989.??.??"]
[Round "10"]
[White "Ivanov, Igor"]
[Black "Gurevich, Dmitry"]
[Result "1-0"]
[WhiteElo "2505"]
[BlackElo "2490"]
[EventDate "1989.11.??"]
[PlyCount "121"]

1.d4 Nf6 2.Nf3 e6 3.Bg5 c5 4.e3 cxd4 5.exd4 b6 6.a3 Be7 7.c4 O-O 8.Nc3 Bb7
9.Bd3 d5 10.Bxf6 Bxf6 11.cxd5 exd5 12.O-O Nc6 13.Re1 Qd6 14.Nb5 Qd8 15.Rc1
a6 16.Nc3 b5 17.Qc2 g6 18.Nxd5 Qxd5 19.Be4 Nxd4 20.Nxd4 Qd7 21.Bxb7 Qxb7 
22.Nb3 Rac8 23.Nc5 Qb6 24.b4 Bd4 25.Red1 Rfd8 26.h3 Rd6 27.Rd3 a5 28.Qd2 
axb4 29.axb4 Rcd8 30.Kf1 Bxc5 31.bxc5 Rxd3 32.Qxd3 Qc7 33.Qf3 Qh2 34.g4 b4
35.c6 Qc7 36.h4 h6 37.h5 g5 38.Rc4 Rb8 39.Rd4 Qe5 40.Rd7 Rf8 41.Kg2 Qb5 
42.Rd6 Qe5 43.Qd3 Kg7 44.Rd5 Qf6 45.Rd6 Qe5 46.c7 Rc8 47.Rd7 Qe6 48.Qd4+ 
Qf6 49.Rxf7+ Kxf7 50.Qd7+ Qe7 51.Qxc8 Qe4+ 52.Kh2 Qf4+ 53.Kg1 Qc1+ 54.Kg2 
Qc6+ 55.f3 Qc2+ 56.Kg3 Qc1 57.Qd7+ Kf6 58.Qd6+ Kf7 59.Kf2 Qc2+ 60.Ke3 Qc3+
61.Ke4 1-0

[Event "35th USA-Ch"]
[Site "Long Beach USA"]
[Date "1989.??.??"]
[Round "10"]
[White "Kudrin, Sergey"]
[Black "Rachels, Stuart"]
[Result "0-1"]
[WhiteElo "2570"]
[BlackElo "2385"]
[EventDate "1989.11.??"]
[PlyCount "58"]

1.e4 c5 2.Nf3 Nc6 3.d4 cxd4 4.Nxd4 Nf6 5.Nc3 d6 6.g3 g6 7.Nde2 Bd7 8.Bg2 
Qc8 9.Nd5 Bg7 10.O-O Nxd5 11.exd5 Ne5 12.a4 Bh3 13.Ra2 h5 14.Bxh3 Qxh3 15.
f3 g5 16.Kh1 Bf6 17.b3 Qf5 18.Nd4 Qg6 19.c4 g4 20.Rg2 h4 21.gxh4 Rxh4 22.
f4 Nd7 23.Nb5 O-O-O 24.Nxa7+ Kb8 25.Be3 Rdh8 26.Qe1 g3 27.Qa5 Rxh2+ 28.
Rxh2 Qe4+ 29.Kg1 Qxe3+ 0-1

[Event "35th USA-Ch"]
[Site "Long Beach USA"]
[Date "1989.??.??"]
[Round "10"]
[White "Miles, Anthony Jonathan"]
[Black "Alburt, Lev"]
[Result "1-0"]
[WhiteElo "2580"]
[BlackElo "2530"]
[EventDate "1989.11.??"]
[PlyCount "139"]

1.Nf3 c5 2.g3 Nc6 3.Bg2 Nf6 4.c4 d5 5.cxd5 Nxd5 6.d4 cxd4 7.Nxd4 Ndb4 8.
Nxc6 Qxd1+ 9.Kxd1 Nxc6 10.Be3 Bd7 11.Nc3 g6 12.Kc2 Bf5+ 13.Kb3 Rc8 14.
Bxc6+ Rxc6 15.Bxa7 Be6+ 16.Kb4 Bg7 17.Rac1 Rc4+ 18.Kb5 O-O 19.Rhd1 Rc6 20.
Bc5 Rfc8 21.Na4 Bxa2 22.Rd7 e6 23.Nb6 Rb8 24.Rcd1 Bf6 25.b4 Bb3 26.R1d3 
Bc2 27.Rf3 Kg7 28.g4 g5 29.Be7 Bxe7 30.Rxe7 Bg6 31.Nd7 Rd8 32.Nc5 Rb8 33.
Nd7 Rd8 34.Nc5 Rb8 35.Rd7 Kf8 36.Nxb7 Rc2 37.Kb6 Rxe2 38.Ka7 Re8 39.b5 Rb2
40.Kb6 e5 41.Nd6 Re6 42.Kc5 Rc2+ 43.Nc4 Kg7 44.Rd2 Rc1 45.Re3 Re8 46.Kb4 
e4 47.b6 Rc8 48.Rc3 Rb1+ 49.Rb3 Rc1 50.Nd6 Rb8 51.Kb5 h5 52.h3 hxg4 53.
hxg4 Kf6 54.b7 Ke5 55.Kb6 Rh8 56.Rb5+ Kf4 57.Rc5 Rb1+ 58.Nb5 Re8 59.Rc8 
Re6+ 60.Rc6 Re8 61.Rc8 Re5 62.Rd5 Re6+ 63.Kc5 Rc1+ 64.Kd4 Rd1+ 65.Kc3 Rb6 
66.Rxd1 Rxb7 67.Nd4 Kxg4 68.Rg1+ Kf4 69.Rc5 Ra7 70.Rcxg5 1-0

[Event "35th USA-Ch"]
[Site "Long Beach USA"]
[Date "1989.??.??"]
[Round "10"]
[White "Rohde, Michael"]
[Black "Browne, Walter Shawn"]
[Result "0-1"]
[WhiteElo "2550"]
[BlackElo "2555"]
[EventDate "1989.11.??"]
[PlyCount "146"]

1.g3 e5 2.Bg2 d5 3.d3 Nf6 4.Nf3 Bd6 5.Nc3 c6 6.e4 dxe4 7.dxe4 O-O 8.O-O 
Na6 9.h3 Nc7 10.Nh4 Ne6 11.Nf5 Bc7 12.Be3 g6 13.Nh4 Bb6 14.Bh6 Re8 15.Nf3 
Qxd1 16.Raxd1 Nd4 17.Nxd4 Bxd4 18.Na4 a5 19.c3 Ba7 20.b3 b5 21.Nb2 Be6 22.
Rd6 Rec8 23.Rfd1 a4 24.bxa4 bxa4 25.Nxa4 Ne8 26.R6d2 Bxf2+ 27.Kxf2 Rxa4 
28.Bf1 Rca8 29.Be2 f6 30.Rb1 Rxa2 31.Rxa2 Rxa2 32.Ke3 Ra7 33.Rb6 Rc7 34.g4
Kf7 35.Rb8 Ke7 36.h4 Rc8 37.Rb6 Nd6 38.g5 f5 39.Bg7 Nxe4 40.Bxe5 Bd7 41.
Ra6 Nd6 42.c4 Rb8 43.Kd4 Rb3 44.c5 Nb5+ 45.Bxb5 Rxb5 46.Bd6+ Ke6 47.Kc4 
Rb2 48.Ra1 Re2 49.Rd1 Kf7 50.Kc3 Ra2 51.Re1 Be6 52.Rb1 Ra3+ 53.Kd2 Bb3 54.
Re1 Ra7 55.Rb1 Ra3 56.Re1 Ra7 57.Kc3 Bd5 58.Rb1 Ke6 59.Rb8 Ra3+ 60.Kb2 
Ra2+ 61.Kb1 Rf2 62.Rb4 Be4+ 63.Kc1 Kd5 64.Kd1 Rg2 65.Rb7 Kd4 66.Kc1 Ke3 
67.Rf7 Rc2+ 68.Kb1 Rh2+ 69.Ka1 Ra2+ 70.Kxa2 Bd5+ 71.Kb2 Bxf7 72.Kc2 f4 73.
Kd1 f3 0-1

[Event "35th USA-Ch"]
[Site "Long Beach USA"]
[Date "1989.??.??"]
[Round "10"]
[White "Seirawan, Yasser"]
[Black "Dzindzichashvili, Roman"]
[Result "1/2-1/2"]
[WhiteElo "2585"]
[BlackElo "2545"]
[EventDate "1989.11.??"]
[PlyCount "26"]

1.d4 Nf6 2.c4 e6 3.Nf3 b6 4.Nc3 Bb7 5.Bg5 Bb4 6.Qb3 c5 7.a3 Ba5 8.dxc5 Na6
9.Nd2 Nxc5 10.Qc2 Bxc3 11.Qxc3 O-O 12.e3 a5 13.Be2 Nce4 1/2-1/2

[Event "35th USA-Ch"]
[Site "Long Beach USA"]
[Date "1989.??.??"]
[Round "11"]
[White "Alburt, Lev"]
[Black "Ivanov, Igor"]
[Result "0-1"]
[WhiteElo "2530"]
[BlackElo "2505"]
[EventDate "1989.11.??"]
[PlyCount "82"]

1.d4 Nf6 2.c4 e6 3.g3 d5 4.Bg2 dxc4 5.Nf3 Nc6 6.O-O Rb8 7.a4 b6 8.e3 Bb7 
9.Nbd2 Na5 10.Qc2 Nd5 11.Ne5 Nb4 12.Qd1 Bxg2 13.Kxg2 Qd5+ 14.Qf3 f5 15.e4 
Qxd4 16.Qh5+ g6 17.Nxg6 hxg6 18.Qxg6+ Kd7 19.Nf3 Qxe4 20.Re1 Qd5 21.Qf7+ 
Be7 22.Bg5 Rbe8 23.Re5 Qc6 24.Rae1 Rhf8 25.Qh7 Nd3 26.Rxe6 Nxe1+ 27.Rxe1 
Qd6 28.Re2 Nb3 29.Qg7 Rg8 30.Qf7 Rxg5 31.Nxg5 Nd4 32.Re3 Rf8 33.Qg7 c5 34.
h4 f4 35.Ne4 fxe3 36.Nxd6 Rxf2+ 37.Kh3 e2 38.Qe5 Bxd6 39.Qe4 Rf3 40.Qb7+ 
Ke6 41.Qc8+ Ke7 0-1

[Event "35th USA-Ch"]
[Site "Long Beach USA"]
[Date "1989.??.??"]
[Round "11"]
[White "Browne, Walter Shawn"]
[Black "Ivanov, Alexander"]
[Result "0-1"]
[WhiteElo "2555"]
[BlackElo "2460"]
[EventDate "1989.11.??"]
[PlyCount "118"]

1.d4 Nf6 2.c4 e6 3.Nf3 b6 4.g3 Ba6 5.Nbd2 Bb7 6.Bg2 c5 7.e4 cxd4 8.Nxd4 
Bc5 9.Nc2 Qc7 10.O-O Nc6 11.b3 h5 12.Rb1 h4 13.b4 Be7 14.Bb2 hxg3 15.hxg3 
a5 16.a3 axb4 17.axb4 Ra2 18.Qf3 Bd6 19.Qb3 Ra8 20.c5 bxc5 21.Bxf6 c4 22.
Nxc4 gxf6 23.N2a3 Nd4 24.Qd3 e5 25.Rfc1 Rc8 26.Nxd6+ Qxd6 27.Rxc8+ Bxc8 
28.Nb5 Nxb5 29.Qxb5 Ba6 30.Qa4 Ke7 31.b5 Bb7 32.Rd1 Qc5 33.Qb3 d6 34.Qd3 
Ra8 35.Qb1 Ra4 36.Rd2 Rc4 37.Kh2 Rc1 38.Qb2 Qc8 39.f3 Qc5 40.Rf2 Rc3 41.
Rd2 Rc4 42.b6 Rb4 43.Qa2 Qxb6 44.Rc2 Kf8 45.Qa3 Kg7 46.Ra2 Rb3 47.Qa4 Qe3 
48.Qa7 Qh6+ 49.Kg1 f5 50.exf5 Bxf3 51.Rf2 Rb1+ 52.Rf1 Rxf1+ 53.Bxf1 Qg5 
54.Qf2 Qxf5 55.Be2 Qb1+ 56.Bf1 Be4 57.Qd2 Qb6+ 58.Kh2 Bf5 59.Bc4 Bg6 0-1

[Event "35th USA-Ch"]
[Site "Long Beach USA"]
[Date "1989.??.??"]
[Round "11"]
[White "De Firmian, Nick"]
[Black "Rohde, Michael"]
[Result "0-1"]
[WhiteElo "2595"]
[BlackElo "2550"]
[EventDate "1989.11.??"]
[PlyCount "51"]

1.e4 Nf6 2.e5 Nd5 3.d4 d6 4.Nf3 dxe5 5.Nxe5 Nd7 6.Nxf7 Kxf7 7.Qh5+ Ke6 8.
c4 N5f6 9.d5+ Kd6 10.Qf7 Ne5 11.Bf4 c5 12.Nc3 a6 13.O-O-O g6 14.Bxe5+ Kxe5
15.d6 Bh6+ 16.Kc2 Qe8 17.Rd5+ Nxd5 18.Qxd5+ Kf6 19.Ne4+ Kg7 20.Qe5+ Kf7 
21.Bd3 Bf5 22.g4 Bxe4 23.Bxe4 e6 24.Re1 Qa4+ 25.Kd3 Rhe8 26.h4 0-1

[Event "35th USA-Ch"]
[Site "Long Beach USA"]
[Date "1989.??.??"]
[Round "11"]
[White "Dzindzichashvili, Roman"]
[Black "Miles, Anthony Jonathan"]
[Result "1/2-1/2"]
[WhiteElo "2545"]
[BlackElo "2580"]
[EventDate "1989.11.??"]
[PlyCount "39"]

1.d4 d6 2.Nf3 Bg4 3.c4 Nd7 4.e4 e5 5.Be2 Be7 6.Nc3 Bxf3 7.Bxf3 Bg5 8.Bxg5 
Qxg5 9.O-O Qd8 10.Bg4 Ngf6 11.f4 O-O 12.Bxd7 Nxd7 13.Qd2 c6 14.Rad1 exf4 
15.Qxf4 Qe7 16.Rd3 Rae8 17.Rg3 f6 18.b3 Rf7 19.Rd3 Nf8 20.Rd2 1/2-1/2

[Event "35th USA-Ch"]
[Site "Long Beach USA"]
[Date "1989.??.??"]
[Round "11"]
[White "Fedorowicz, John"]
[Black "Kudrin, Sergey"]
[Result "0-1"]
[WhiteElo "2560"]
[BlackElo "2570"]
[EventDate "1989.11.??"]
[PlyCount "80"]

1.d4 Nf6 2.c4 g6 3.g3 Bg7 4.Bg2 d5 5.cxd5 Nxd5 6.e4 Nb4 7.d5 O-O 8.a3 N4a6
9.Nf3 c6 10.O-O cxd5 11.exd5 Nd7 12.Nc3 Nb6 13.Re1 Nc7 14.Ne5 Ne8 15.Bf4 
Nd6 16.Qe2 Re8 17.Rad1 Bd7 18.h4 h5 19.Kh2 a6 20.Ne4 Ba4 21.Rd4 Bb5 22.Qf3
Nd7 23.Ng5 Nxe5 24.Bxe5 Bxe5 25.Rxe5 Bd7 26.Re1 Rc8 27.Rf4 Bf5 28.Bh3 Bxh3
29.Kxh3 Rf8 30.Qd3 Qd7+ 31.Kh2 Nf5 32.Re5 Qb5 33.Qb1 Qb6 34.Rexf5 gxf5 35.
Qxf5 Qg6 36.Qe5 Rc1 37.Rf5 Re1 38.Qf4 f6 39.d6 e6 40.Rc5 fxg5 0-1

[Event "35th USA-Ch"]
[Site "Long Beach USA"]
[Date "1989.??.??"]
[Round "11"]
[White "Gurevich, Dmitry"]
[Black "Gulko, Boris"]
[Result "1/2-1/2"]
[WhiteElo "2490"]
[BlackElo "2610"]
[EventDate "1989.11.??"]
[PlyCount "66"]

1.Nf3 d6 2.d4 Nf6 3.c4 Nbd7 4.Nc3 c6 5.e4 e5 6.Be2 Be7 7.O-O a6 8.Qc2 O-O 
9.Rd1 Qc7 10.a3 Re8 11.b4 Bf8 12.dxe5 Nxe5 13.Nxe5 dxe5 14.c5 Be6 15.Bg5 
Be7 16.Na4 Rad8 17.Be3 Rxd1+ 18.Rxd1 Rd8 19.f3 Rxd1+ 20.Qxd1 Qd8 21.Qc1 
Nd7 22.Nb2 Nf8 23.Nd3 Qc7 24.Qc3 f6 25.g3 Qd7 26.f4 exf4 27.gxf4 Bd8 28.f5
Bf7 29.Nf2 Bc7 30.Bc4 Qe7 31.Qb3 Bxc4 32.Qxc4+ Qf7 33.Qxf7+ Kxf7 1/2-1/2

[Event "35th USA-Ch"]
[Site "Long Beach USA"]
[Date "1989.??.??"]
[Round "11"]
[White "Rachels, Stuart"]
[Black "Seirawan, Yasser"]
[Result "1/2-1/2"]
[WhiteElo "2385"]
[BlackElo "2585"]
[EventDate "1989.11.??"]
[PlyCount "49"]

1.e4 d6 2.d4 g6 3.Nc3 Bg7 4.Nge2 a6 5.Be3 b5 6.Qd2 Bb7 7.f3 Nd7 8.h4 h5 9.
d5 c5 10.dxc6 Bxc6 11.Nd4 Bb7 12.a4 b4 13.Nd5 a5 14.Bb5 Nf6 15.Bc6 Nxd5 
16.exd5 Qc8 17.O-O O-O 18.Bh6 Nf6 19.Rad1 Bxc6 20.Nxc6 Bxh6 21.Qxh6 Nxd5 
22.Rxd5 Qxc6 23.Rxh5 gxh5 24.Qg5+ Kh7 25.Qxh5+ 1/2-1/2

[Event "35th USA-Ch"]
[Site "Long Beach USA"]
[Date "1989.??.??"]
[Round "12"]
[White "Dlugy, Maxim"]
[Black "Browne, Walter Shawn"]
[Result "1/2-1/2"]
[WhiteElo "2530"]
[BlackElo "2555"]
[EventDate "1989.11.??"]
[PlyCount "47"]

1.d4 Nf6 2.c4 e6 3.Nf3 b6 4.g3 Ba6 5.b3 Bb4+ 6.Bd2 Be7 7.Bg2 c6 8.Bc3 d5 
9.Nbd2 Nbd7 10.O-O O-O 11.Re1 c5 12.e4 Nxe4 13.Nxe4 dxe4 14.Rxe4 Bb7 15.
Re2 Bf6 16.Rd2 Qe7 17.Qe2 Rad8 18.Rad1 h6 19.h4 a5 20.Qe3 cxd4 21.Bxd4 Nc5
22.Bxf6 Qxf6 23.Rd4 Bxf3 24.Bxf3 1/2-1/2

[Event "35th USA-Ch"]
[Site "Long Beach USA"]
[Date "1989.??.??"]
[Round "12"]
[White "Gulko, Boris"]
[Black "Alburt, Lev"]
[Result "1-0"]
[WhiteElo "2610"]
[BlackElo "2530"]
[EventDate "1989.11.??"]
[PlyCount "79"]

1.d4 Nf6 2.c4 c5 3.d5 b5 4.Nd2 Qa5 5.Qc2 bxc4 6.e4 Ba6 7.Bxc4 d6 8.b3 g6 
9.Bb2 Bxc4 10.bxc4 Bg7 11.Nf3 O-O 12.Bc3 Qa6 13.O-O Nbd7 14.Rfe1 Nb6 15.a4
Rab8 16.e5 Ne8 17.a5 Nd7 18.e6 fxe6 19.Rxe6 Bf6 20.Bxf6 exf6 21.Qa4 Rf7 
22.Ne4 Kg7 23.h4 h6 24.h5 gxh5 25.Ng3 Kf8 26.Nf5 Qb7 27.Rae1 Qb4 28.Qd1 
Ne5 29.Qc1 Rh7 30.Nxd6 Nxf3+ 31.gxf3 Nxd6 32.Rxd6 Rg7+ 33.Kh2 Qxa5 34.
Rxf6+ Kg8 35.Qe3 Qc7+ 36.d6 Qd7 37.Qxc5 Rg5 38.Qe3 Rf8 39.Rxf8+ Kxf8 40.
Qf4+ 1-0

[Event "35th USA-Ch"]
[Site "Long Beach USA"]
[Date "1989.??.??"]
[Round "12"]
[White "Ivanov, Alexander"]
[Black "De Firmian, Nick"]
[Result "1/2-1/2"]
[WhiteElo "2460"]
[BlackElo "2595"]
[EventDate "1989.11.??"]
[PlyCount "116"]

1.e4 c5 2.Nf3 d6 3.d4 cxd4 4.Nxd4 Nf6 5.Nc3 a6 6.g3 e5 7.Nde2 b5 8.Bg5 
Nbd7 9.Nd5 Be7 10.Bxf6 Nxf6 11.Nec3 Be6 12.a4 b4 13.Nxb4 Qa5 14.Nc6 Qc5 
15.Nxe7 Kxe7 16.Qd2 Rhb8 17.Rb1 Rb4 18.Bd3 Rab8 19.O-O a5 20.Qc1 h6 21.Re1
Ng4 22.Nd1 Rxa4 23.c3 Ba2 24.Ra1 Bb3 25.Ne3 Nxe3 26.Rxe3 Rxa1 27.Qxa1 a4 
28.Qc1 Be6 29.Bc2 Qb5 30.h4 Ra8 31.Qa1 Qc5 32.Qb1 Ra7 33.Bd1 Bd7 34.Qa2 a3
35.Bb3 axb2 36.Qxb2 Qa3 37.Qxa3 Rxa3 38.Bd5 Bb5 39.Kg2 f6 40.Kf3 Bd7 41.c4
Rxe3+ 42.Kxe3 g5 43.Kd3 Kd8 44.Kc3 Kc7 45.Kb4 Kb6 46.Bf7 gxh4 47.gxh4 f5 
48.exf5 Bxf5 49.Bd5 Bd7 50.Be4 Bc6 51.Bxc6 Kxc6 52.f3 Kb6 53.h5 Kc6 54.Kb3
Kd7 55.Kb4 Ke6 56.c5 d5 57.Kb3 Kd7 58.Kc3 Kc6 1/2-1/2

[Event "35th USA-Ch"]
[Site "Long Beach USA"]
[Date "1989.??.??"]
[Round "12"]
[White "Kudrin, Sergey"]
[Black "Benjamin, Joel"]
[Result "1/2-1/2"]
[WhiteElo "2570"]
[BlackElo "2530"]
[EventDate "1989.11.??"]
[PlyCount "93"]

1.e4 c5 2.Nf3 d6 3.d4 cxd4 4.Nxd4 Nf6 5.Nc3 Nc6 6.Bg5 e6 7.Qd2 Be7 8.O-O-O
O-O 9.f4 h6 10.Bh4 e5 11.Nf5 Bxf5 12.exf5 exf4 13.Kb1 d5 14.Bxf6 Bxf6 15.
Nxd5 Be5 16.Bc4 b5 17.Bb3 a5 18.a3 Qg5 19.g3 fxg3 20.Qxg5 hxg5 21.hxg3 a4 
22.Ba2 Bxg3 23.f6 Bh4 24.Ne7+ Nxe7 25.fxe7 Rfe8 26.Rd7 Bg3 27.Rhd1 Be5 28.
Bd5 Rac8 29.Bb7 Rb8 30.Bc6 Bf6 31.Re1 Rb6 32.Bd5 Rbb8 33.Rc7 g4 34.Bc6 Bh4
35.Re2 g6 36.Kc1 f5 37.Kd1 Kf7 38.Bd5+ Kg7 39.Bc6 Kf7 40.Bd5+ Kg7 41.Re6 
Kh6 42.Ke2 b4 43.axb4 Rxb4 44.Bc6 Rxe7 45.Rcxe7 Bxe7 46.Rxe7 Rc4 47.Re6 
1/2-1/2

[Event "35th USA-Ch"]
[Site "Long Beach USA"]
[Date "1989.??.??"]
[Round "12"]
[White "Miles, Anthony Jonathan"]
[Black "Rachels, Stuart"]
[Result "1/2-1/2"]
[WhiteElo "2580"]
[BlackElo "2385"]
[EventDate "1989.11.??"]
[PlyCount "155"]

1.d4 d5 2.c4 dxc4 3.e4 e5 4.Nf3 Bb4+ 5.Bd2 Bxd2+ 6.Qxd2 exd4 7.Qxd4 Nf6 8.
Qxd8+ Kxd8 9.Nc3 Be6 10.Nd4 Nbd7 11.Nxe6+ fxe6 12.Bxc4 e5 13.f3 c6 14.Kf2 
Ke7 15.Rhd1 Rhd8 16.Ke3 b5 17.Bf1 Nc5 18.g3 Rxd1 19.Rxd1 a5 20.Bh3 Rd8 21.
Rc1 Nd3 22.Rc2 Nb4 23.Rg2 Rd3+ 24.Ke2 Rd4 25.Rg1 Kd6 26.Rb1 Na6 27.Bf1 Nc5
28.Ke3 Rb4 29.Be2 Na4 30.Nxa4 Rxa4 31.Rd1+ Ke7 32.a3 b4 33.Rd3 bxa3 34.
bxa3 Ne8 35.Bd1 Rc4 36.f4 Nd6 37.Kf3 Nxe4 38.fxe5 Nc5 39.Re3 Rc1 40.Ke2 
Nd7 41.e6 Nc5 42.Re5 Rc3 43.Kd2 Rd3+ 44.Kc2 Rd5 45.Re3 Rd6 46.Bg4 Nxe6 47.
Re5 c5 48.Kc3 Kf6 49.Rf5+ Ke7 50.Re5 Kf6 51.Re4 Ng5 52.Rf4+ Ke7 53.Kc4 Rd2
54.h4 Nf7 55.Kxc5 Nd6 56.a4 Rb2 57.Rd4 Nb7+ 58.Kc6 Nd8+ 59.Kd5 Rb3 60.Re4+
Kf7 61.Rf4+ Kg8 62.Rf3 Rb4 63.Bd7 g5 64.h5 Kg7 65.h6+ Kxh6 66.Rf8 Rb8 67.
Rg8 Kh5 68.Bf5 Rb2 69.Rh8 h6 70.Rh7 Rd2+ 71.Kc5 g4 72.Rd7 Rf2 73.Rd5 Nf7 
74.Be4+ Ng5 75.Kb5 Rb2+ 76.Kxa5 Rb5+ 77.Ka6 Rb6+ 78.Kxb6 1/2-1/2

[Event "35th USA-Ch"]
[Site "Long Beach USA"]
[Date "1989.??.??"]
[Round "12"]
[White "Rohde, Michael"]
[Black "Gurevich, Dmitry"]
[Result "0-1"]
[WhiteElo "2550"]
[BlackElo "2490"]
[EventDate "1989.11.??"]
[PlyCount "72"]

1.d4 f5 2.Nf3 Nf6 3.g3 e6 4.Bg2 d5 5.c4 c6 6.O-O Bd6 7.b3 Qe7 8.Bf4 Bxf4 
9.gxf4 O-O 10.e3 Bd7 11.Nc3 Ne4 12.Ne2 Rf6 13.Ne5 Rh6 14.f3 Nd6 15.Rf2 Nf7
16.Bf1 Nxe5 17.dxe5 Na6 18.cxd5 exd5 19.Nd4 Nc7 20.b4 a5 21.bxa5 Rg6+ 22.
Rg2 c5 23.Nb3 c4 24.Nd4 Rxa5 25.a4 Qc5 26.Qe1 Ra8 27.Ra2 Ne6 28.Nxf5 Nxf4 
29.Rxg6 Nxg6 30.Nd4 Nxe5 31.Qg3 Qe7 32.Rb2 Nc6 33.Rxb7 Qxe3+ 34.Kg2 Nxd4 
35.Rxd7 Nf5 36.Qg4 Qe6 0-1

[Event "35th USA-Ch"]
[Site "Long Beach USA"]
[Date "1989.??.??"]
[Round "12"]
[White "Seirawan, Yasser"]
[Black "Fedorowicz, John"]
[Result "1/2-1/2"]
[WhiteElo "2585"]
[BlackElo "2560"]
[EventDate "1989.11.??"]
[PlyCount "87"]

1.d4 Nf6 2.c4 c5 3.d5 b5 4.cxb5 a6 5.bxa6 g6 6.Nc3 Bxa6 7.e4 Bxf1 8.Kxf1 
d6 9.g4 Bg7 10.Kg2 O-O 11.f3 Nbd7 12.Nge2 Qa5 13.Bf4 Rfb8 14.Qd2 Ne8 15.
Rac1 Ne5 16.b3 Qa6 17.Bxe5 Bxe5 18.Rc2 Rb4 19.Nd1 Nf6 20.Ne3 Nd7 21.Nc4 
Bg7 22.Nc1 Nb6 23.Nxb6 Qxb6 24.Ne2 Qa6 25.Rd1 Rb7 26.Qe3 Qb6 27.Rdd2 Ra3 
28.f4 Qd8 29.Ng1 Rb4 30.Qe2 Qd7 31.h3 f5 32.gxf5 gxf5 33.Rc4 Rxc4 34.Qxc4 
Qa7 35.exf5 Rxa2 36.Qe2 Rxd2 37.Qxd2 Qa1 38.Nf3 Qb1 39.Qe3 Qxf5 40.Qxe7 
Qxd5 41.Qe8+ Bf8 42.Qe3 h6 43.Kg3 Kf7 44.Qc3 1/2-1/2

[Event "35th USA-Ch"]
[Site "Long Beach USA"]
[Date "1989.??.??"]
[Round "13"]
[White "Alburt, Lev"]
[Black "Rohde, Michael"]
[Result "1/2-1/2"]
[WhiteElo "2530"]
[BlackElo "2550"]
[EventDate "1989.11.??"]
[PlyCount "24"]

1.d4 d5 2.c4 c6 3.Nf3 Nf6 4.Qb3 g6 5.cxd5 cxd5 6.Nc3 Nc6 7.Bf4 Bg7 8.e3 
O-O 9.h3 Na5 10.Qb4 Nc6 11.Qb3 Na5 12.Qb4 Nc6 1/2-1/2

[Event "35th USA-Ch"]
[Site "Long Beach USA"]
[Date "1989.??.??"]
[Round "13"]
[White "Benjamin, Joel"]
[Black "Seirawan, Yasser"]
[Result "1/2-1/2"]
[WhiteElo "2530"]
[BlackElo "2585"]
[EventDate "1989.11.??"]
[PlyCount "29"]

1.d4 Nf6 2.c4 e6 3.Nf3 d5 4.Nc3 Be7 5.Bg5 h6 6.Bh4 O-O 7.e3 b6 8.Bd3 Bb7 
9.Bxf6 Bxf6 10.cxd5 exd5 11.O-O c5 12.dxc5 bxc5 13.Qb3 Bc6 14.Bb5 d4 15.
Bxc6 1/2-1/2

[Event "35th USA-Ch"]
[Site "Long Beach USA"]
[Date "1989.??.??"]
[Round "13"]
[White "De Firmian, Nick"]
[Black "Browne, Walter Shawn"]
[Result "1-0"]
[WhiteElo "2595"]
[BlackElo "2555"]
[EventDate "1989.11.??"]
[PlyCount "62"]

1.e4 c5 2.Nf3 d6 3.d4 cxd4 4.Nxd4 Nf6 5.Nc3 a6 6.Bc4 e6 7.Bb3 b5 8.O-O Be7
9.Qf3 Qc7 10.Qg3 Nc6 11.Nxc6 Qxc6 12.Re1 O-O 13.Bh6 Ne8 14.Nd5 Bd8 15.Re3 
Qb7 16.Nf4 Kh8 17.Bg5 Bb6 18.Rf3 Qxe4 19.Kf1 e5 20.Nd5 Ba5 21.Ne7 Nc7 22.
Nxc8 Raxc8 23.Be7 f5 24.Bxf8 Rxf8 25.c3 f4 26.Qg4 b4 27.Re1 Qc6 28.Rh3 Qe8
29.Qf3 h6 30.Qe4 bxc3 31.Bc2 Qb5+ 1-0

[Event "35th USA-Ch"]
[Site "Long Beach USA"]
[Date "1989.??.??"]
[Round "13"]
[White "Dzindzichashvili, Roman"]
[Black "Gulko, Boris"]
[Result "1/2-1/2"]
[WhiteElo "2545"]
[BlackElo "2610"]
[EventDate "1989.11.??"]
[PlyCount "87"]

1.d4 Nf6 2.c4 g6 3.Nf3 Bg7 4.g3 c5 5.Bg2 cxd4 6.Nxd4 Nc6 7.O-O O-O 8.Nc3 
Nxd4 9.Qxd4 d6 10.Qd3 a6 11.Bg5 Rb8 12.c5 Qa5 13.Bxf6 Bxf6 14.cxd6 exd6 
15.Rfd1 Be6 16.Rd2 Bxc3 17.Qxc3 Qxc3 18.bxc3 Rfc8 19.Bd5 Bxd5 20.Rxd5 Rxc3
21.Rxd6 Rc2 22.e3 Rb2 23.a4 Rc8 24.h4 Rcc2 25.Rf6 Kg7 26.Rf4 h5 27.Rd1 Rc6
28.Rfd4 b5 29.axb5 axb5 30.Rf4 Rc7 31.Rdd4 Rb7 32.g4 hxg4 33.Rxg4 Kf8 34.
Rb4 Rxb4 35.Rxb4 Ke7 36.Kf1 Kd6 37.Ke2 Kc5 38.Rd4 Ra7 39.f3 b4 40.Kd2 Kb5 
41.Kc2 Re7 42.Rd3 Kc4 43.Rd4+ Kc5 44.Rf4 1/2-1/2

[Event "35th USA-Ch"]
[Site "Long Beach USA"]
[Date "1989.??.??"]
[Round "13"]
[White "Fedorowicz, John"]
[Black "Miles, Anthony Jonathan"]
[Result "1-0"]
[WhiteElo "2560"]
[BlackElo "2580"]
[EventDate "1989.11.??"]
[PlyCount "79"]

1.d4 Nf6 2.Nf3 e6 3.c4 b6 4.a3 Ba6 5.Qc2 Bb7 6.Nc3 c5 7.e4 cxd4 8.Nxd4 Nc6
9.Nxc6 Bxc6 10.Be2 Qb8 11.O-O Bc5 12.Kh1 h5 13.Qd3 Ng4 14.f4 Nf2+ 15.Rxf2 
Bxf2 16.Bd2 a5 17.Bf3 e5 18.Nd5 d6 19.Bc3 Bh4 20.Rf1 Ra7 21.fxe5 dxe5 22.
Be2 Bxd5 23.exd5 Bf6 24.Qf5 Qd6 25.b4 axb4 26.Bxb4 Qd7 27.Qf2 Rb7 28.Bf3 
Rb8 29.h3 Bg5 30.Qg3 f6 31.Be4 Bf4 32.Bg6+ Kd8 33.Qd3 h4 34.d6 Qb7 35.c5 
bxc5 36.Ba5+ Kd7 37.Bf5+ Ke8 38.Bc7 Ra8 39.d7+ Kf7 40.Bg6+ 1-0

[Event "35th USA-Ch"]
[Site "Long Beach USA"]
[Date "1989.??.??"]
[Round "13"]
[White "Kudrin, Sergey"]
[Black "Dlugy, Maxim"]
[Result "1-0"]
[WhiteElo "2570"]
[BlackElo "2530"]
[EventDate "1989.11.??"]
[PlyCount "81"]

1.e4 c5 2.Nf3 d6 3.d4 cxd4 4.Nxd4 Nf6 5.Nc3 Nc6 6.Bg5 e6 7.Qd2 a6 8.O-O-O 
h6 9.Be3 Nxd4 10.Qxd4 Qc7 11.f4 b5 12.Be2 Bb7 13.Bf3 Rc8 14.Kb1 Be7 15.e5 
Bxf3 16.gxf3 dxe5 17.fxe5 Rd8 18.Qf4 Rxd1+ 19.Rxd1 Nd7 20.Qg3 Qxe5 21.f4 
Qb8 22.Qxg7 Bf6 23.Qg2 Bxc3 24.Qc6 Bg7 25.Qxd7+ Kf8 26.Ba7 Qa8 27.Qc7 Bf6 
28.Bc5+ Kg8 29.Rg1+ Bg7 30.Bd4 Rh7 31.Bf6 Qf8 32.a3 Qa8 33.h4 h5 34.Qe5 
Qf8 35.b3 Kh8 36.Rxg7 Rxg7 37.Bxg7+ Qxg7 38.Qxh5+ Kg8 39.Qg5 Qg6 40.h5 
Qxg5 41.fxg5 1-0

[Event "35th USA-Ch"]
[Site "Long Beach USA"]
[Date "1989.??.??"]
[Round "14"]
[White "Browne, Walter Shawn"]
[Black "Gurevich, Dmitry"]
[Result "1-0"]
[WhiteElo "2555"]
[BlackElo "2490"]
[EventDate "1989.11.??"]
[PlyCount "121"]

1.d4 Nf6 2.c4 e6 3.Nf3 c5 4.d5 exd5 5.cxd5 d6 6.Nc3 g6 7.Nd2 Bg7 8.e4 O-O 
9.Be2 Ne8 10.O-O Na6 11.Nc4 f5 12.exf5 Bxf5 13.Bf4 Nb4 14.Qd2 Qd7 15.Ne3 
Bd3 16.Bxd6 Bxe2 17.Bxf8 Bxf1 18.Bxg7 Bxg2 19.Kxg2 Qxg7 20.a3 Na6 21.Nc4 
Qd7 22.f3 Rd8 23.Re1 Nf6 24.Qg5 Qf5 25.Qxf5 gxf5 26.Re7 Rd7 27.Rxd7 Nxd7 
28.Nd6 b6 29.Nxf5 Nc7 30.f4 Kf7 31.Kf3 Kf6 32.Ne3 a6 33.Ke4 Ne8 34.Ng4+ 
Ke7 35.Ne5 Ndf6+ 36.Kf5 Nd6+ 37.Kg5 b5 38.b4 cxb4 39.axb4 Nde4+ 40.Nxe4 
Nxe4+ 41.Kh6 Nf6 42.Nd3 Nxd5 43.Kxh7 Kf6 44.h4 Kf5 45.h5 Nf6+ 46.Kh6 Ne8 
47.Nc5 Nf6 48.Nd3 Ne8 49.Nc5 Nf6 50.Nxa6 Ne8 51.Nb8 Nf6 52.Nc6 Kg4 53.Nd4 
Nxh5 54.f5 Nf6 55.Kg6 Nd7 56.f6 Kf4 57.Nxb5 Ke5 58.f7 Kd5 59.Nc3+ Kc4 60.
b5 Kc5 61.Kg7 1-0